Ομιλία εις ευτρόπιον

Αποθηκεύτηκε σε:
Λεπτομέρειες βιβλιογραφικής εγγραφής
Κύριος συγγραφέας: Ιωάννης ο Χρυσόστομος, π. 354-407
Άλλοι συγγραφείς: Στάμος, Παναγιώτης Γ. (aui [Συγγραφέας προλόγου], trl [Μεταφραστής])
Μορφή: Βιβλίο
Γλώσσα:Greek
Ancient Greek
Δημοσίευση: Αθήναι : [χ.ό.], 1966.
Θέματα:
Ετικέτες: Προσθήκη ετικέτας
Δεν υπάρχουν, Καταχωρήστε ετικέτα πρώτοι!

MARC

LEADER 00000cam a2200000 i 4500
001 1/87595
008 051018s1960 gr | ||| |||| ||gre||
035 |l 10080863 
040 |a GR-MY-UA  |b gre  |e aacr 
041 1 |a gre  |h grc 
082 7 |a 100   |2 (22) 
100 0 |a Ιωάννης ο Χρυσόστομος,   |d π. 354-407. 
245 1 0 |a Ομιλία εις ευτρόπιον /   |c Ιωάννου του Χρυσοστόμου ; εισαγωγή, κείμενον, νεοελληνική απόδοσις, σχόλια: Παναγιώτου Γ. Στάμου.  
260 |a Αθήναι :   |b [χ.ό.],   |c 1966.  
300 |a 20 σ. ;   |c 21 εκ.  
500 |a Με: Uber die Ursprunglichkeit der Wissenschaft / Hans Georg Gadamer. - Το μηδέν και το άριστα / Χάρη Καρρά. - Σχέσεις εκκλησίας και πολιτείας εξ επόψεως ορθοδόξου / Παναγιώτου Χ. Δημητροπούλου. - Το διεθνές συνέδριον επί της χριστιανικής δράσεως εν τη ταχεία κοινωνική αλλαγή / Ιωάννου Ορ. Καλογήρου. - Η κίνησις "una sancta" κατά παλαιοκαθολικήν θεώρησιν / Ιωάννου Ορ. Καλογήρου. - Βάκων, Καρτέσιος, Σπινόζας / Ιωάννου Αρνέλλου. - Το προπατορικόν αμάρτημα / Κωνστ. Ε. Παπαπέτρου. - Λόγος ενθρονιστήριος / Ιερωνύμου. - Το ισραήλ / Χρ. Ευελπίδη. - Σκέψεις για τις σημερινές ανάγκες της επιμορφώσεως των ενηλίκων / Θ. Χαραλαμπίδη . - Ομιλία εις ευτρόπιον ύπατον / Ιωάννου του Χρυσοστόμου. - Ομιλία προς τους νέους / Βασιλείου του Μεγάλου. - Προσέξτε την υγεία σας / Υπουργείον Κοινωνικής Πρόνοιας. - Ο αντίχριστος / Φρειδερίκου Νίτσε. - Στοιχεία δικαίου ιθαγένειας / Χρήστου Ι. Πίννη. - Προς τας εκπαιδευτικάς αρχάς του κράτους / Υπουργείον Εθνικής Παιδείας και Θρησκευμάτων. - Το παραστρατημένο παιδί / Ελπινίκης Σταματάκη. - Ο θεός εν τη επιστήμη / Ιωάννου Γ. Αρνέλλου.  
600 0 0 |a Ιωάννης ο Χρυσόστομος,   |d π. 354-407. 
650 0 0 |a Speech. 
700 1 |a Στάμος, Παναγιώτης Γ.  |e aui [Συγγραφέας προλόγου]  |e trl [Μεταφραστής] 
852 |a INST  |b RHODES  |c KRI  |e 20051018  |h  100 GAD  |p 005400027554  |q 005400027554  |t BK  |y 0 
901 |a BIBL4-2005-3 
909 |a Ρ  |b 122317 
970 |a ΚΟΖΑ  |b ΜΑΡΙΑ  |z 2005/10/18